<?xml version="1.0" encoding="UTF-8"?>
<record
    xmlns:xsi="http://www.w3.org/2001/XMLSchema-instance"
    xsi:schemaLocation="http://www.loc.gov/MARC21/slim http://www.loc.gov/standards/marcxml/schema/MARC21slim.xsd"
    xmlns="http://www.loc.gov/MARC21/slim">

  <leader>03277nam a2200361 a 4500</leader>
  <controlfield tag="003">OSt</controlfield>
  <controlfield tag="005">20250813103958.0</controlfield>
  <controlfield tag="007">cr ||||||a|a|a</controlfield>
  <controlfield tag="008">250624s2025    mx a|||fom||| 001 0 spa d</controlfield>
  <datafield tag="040" ind1=" " ind2=" ">
    <subfield code="e">rda</subfield>
  </datafield>
  <datafield tag="100" ind1="1" ind2=" ">
    <subfield code="a">Cruz Garc&#xED;a, Yesi del Roc&#xED;o</subfield>
    <subfield code="9">190557</subfield>
  </datafield>
  <datafield tag="245" ind1="1" ind2="0">
    <subfield code="a">Efecto de los antimicrobianos nanoencapsulados en bacterias fitopat&#xF3;genas en el cultivo de papa (Solanum toberosum) en el Estado de M&#xE9;xico /</subfield>
    <subfield code="c">por Yesi del Rocio Cruz Garc&#xED;a y Berenice Enriquez Ram&#xED;rez; director de tesis Oscar Morales Galv&#xE1;n; secretario Jos&#xE9; Abraham Ram&#xED;rez Pool; vocal Jos&#xE9; Manuel Pineda Rios; suplente Guillermo Mongrag&#xF3;n Pedreros; suplente Jaime Alfredo Urzua Gutierrez </subfield>
  </datafield>
  <datafield tag="264" ind1=" " ind2="1">
    <subfield code="a">Chapingo, M&#xE9;xico :</subfield>
    <subfield code="b">El autor,</subfield>
    <subfield code="c">2024.</subfield>
  </datafield>
  <datafield tag="300" ind1=" " ind2=" ">
    <subfield code="a">1 recurso en l&#xED;nea (78 p&#xE1;ginas):</subfield>
    <subfield code="b">cuadros, figuras.</subfield>
  </datafield>
  <datafield tag="336" ind1=" " ind2=" ">
    <subfield code="2">rdacontent</subfield>
    <subfield code="a">texto</subfield>
    <subfield code="b">txt</subfield>
  </datafield>
  <datafield tag="337" ind1=" " ind2=" ">
    <subfield code="2">rdamedia</subfield>
    <subfield code="a">computadora</subfield>
    <subfield code="b">c</subfield>
  </datafield>
  <datafield tag="338" ind1=" " ind2=" ">
    <subfield code="2">rdacarrier</subfield>
    <subfield code="a">recurso en l&#xED;nea</subfield>
    <subfield code="b">cr</subfield>
  </datafield>
  <datafield tag="502" ind1=" " ind2=" ">
    <subfield code="b">IAEPA</subfield>
    <subfield code="c">Parasitolog&#xED;a</subfield>
    <subfield code="d">2024.</subfield>
    <subfield code="g">LIC</subfield>
  </datafield>
  <datafield tag="504" ind1=" " ind2=" ">
    <subfield code="a">Incluye referencias bibliogr&#xE1;ficas: p&#xE1;ginas 72-76.</subfield>
  </datafield>
  <datafield tag="520" ind1=" " ind2=" ">
    <subfield code="a">El cultivo de papa (Solanum tuberosum) es fundamental para la seguridad alimentaria y la econom&#xED;a agr&#xED;cola en el Estado de M&#xE9;xico. No obstante, enfrenta importantes desaf&#xED;os debido a infecciones causadas por bacterias fitopat&#xF3;genas como Clavibacter michiganensis y Clavibacter sepedonicus, que afectan significativamente la producci&#xF3;n y calidad del cultivo. Este estudio tuvo como objetivo evaluar el efecto de antimicrobianos nanoencapsulados sobre estas bacterias, utilizando un enfoque que incluye la s&#xED;ntesis de nanopart&#xED;culas, la purificaci&#xF3;n de antimicrobianos y su aplicaci&#xF3;n en plantas de papa cultivadas e inoculadas con bacterias fitopat&#xF3;genas en condiciones controladas. Se realizaron mediciones de la tasa fotosint&#xE9;tica para evaluar el impacto de los tratamientos y se realiz&#xF3; un an&#xE1;lisis de la comunidad microbiana mediante la secuenciaci&#xF3;n del gen 16S. Los resultados revelaron que las nanopart&#xED;culas con antimicrobianos lograron reducir significativamente la presencia de C. michiganensis y C. sepedonicus, mientras que las nanopart&#xED;culas sin antimicrobianos no mostraron un efecto notable sobre estos pat&#xF3;genos. Adem&#xE1;s, el an&#xE1;lisis de la diversidad microbiana indic&#xF3; que los tratamientos con antimicrobianos no alteraron significativamente la estructura microbiana global de las plantas, manteniendo la diversidad microbiana en niveles comparables a las plantas no tratadas.</subfield>
  </datafield>
  <datafield tag="650" ind1=" " ind2="4">
    <subfield code="a">Papa</subfield>
    <subfield code="x">Enfermedades por bacterias</subfield>
    <subfield code="9">85228</subfield>
  </datafield>
  <datafield tag="650" ind1=" " ind2="4">
    <subfield code="a">Clavibacter michiganensis</subfield>
    <subfield code="x">Control</subfield>
    <subfield code="9">131934</subfield>
  </datafield>
  <datafield tag="650" ind1=" " ind2="4">
    <subfield code="a">Clavibacter sepedonicus</subfield>
    <subfield code="x">Control</subfield>
    <subfield code="9">190919</subfield>
  </datafield>
  <datafield tag="650" ind1=" " ind2="4">
    <subfield code="a">Bacterias fitopat&#xF3;genas</subfield>
    <subfield code="x">Control</subfield>
    <subfield code="9">190918</subfield>
  </datafield>
  <datafield tag="700" ind1="1" ind2=" ">
    <subfield code="a">Enriquez Ram&#xED;rez, Berenice</subfield>
    <subfield code="9">190558</subfield>
  </datafield>
  <datafield tag="700" ind1="1" ind2=" ">
    <subfield code="a">Morales Galv&#xE1;n, Oscar</subfield>
    <subfield code="e">director de tesis.</subfield>
    <subfield code="9">78271</subfield>
  </datafield>
  <datafield tag="700" ind1="1" ind2=" ">
    <subfield code="a">Ram&#xED;rez Pool, Jos&#xE9; Abraham</subfield>
    <subfield code="9">190710</subfield>
    <subfield code="e">secretario.</subfield>
  </datafield>
  <datafield tag="700" ind1="1" ind2=" ">
    <subfield code="a">Pineda Rios, Jos&#xE9; Manuel</subfield>
    <subfield code="9">88174</subfield>
    <subfield code="e">vocal.</subfield>
  </datafield>
  <datafield tag="700" ind1="1" ind2=" ">
    <subfield code="a">Mondrag&#xF3;n Pedrero, Guillermo</subfield>
    <subfield code="9">77486</subfield>
    <subfield code="e">suplente.</subfield>
  </datafield>
  <datafield tag="700" ind1="1" ind2=" ">
    <subfield code="a">Urz&#xFA;a Guti&#xE9;rrez, Jaime Alfredo</subfield>
    <subfield code="e">suplente.</subfield>
    <subfield code="9">117018</subfield>
  </datafield>
  <datafield tag="856" ind1=" " ind2=" ">
    <subfield code="u">http://10.13.5.2/tesis/tl/17101516-1_Y_1710656-3_CRUZ_GARCIA_YESIDEROCIO_Y_ENRIQUEZ_RAMIREZ_BERENICE.pdf</subfield>
    <subfield code="z">DESCARGAR PDF</subfield>
  </datafield>
  <datafield tag="942" ind1=" " ind2=" ">
    <subfield code="2">Clasificaci&#xF3;n Universidad Aut&#xF3;noma Chapingo</subfield>
    <subfield code="c">TD</subfield>
  </datafield>
  <datafield tag="999" ind1=" " ind2=" ">
    <subfield code="c">220675</subfield>
    <subfield code="d">220675</subfield>
  </datafield>
  <datafield tag="952" ind1=" " ind2=" ">
    <subfield code="0">0</subfield>
    <subfield code="1">0</subfield>
    <subfield code="2">local</subfield>
    <subfield code="4">0</subfield>
    <subfield code="5">1</subfield>
    <subfield code="7">0</subfield>
    <subfield code="8">TesDigL</subfield>
    <subfield code="a">BD</subfield>
    <subfield code="b">BD</subfield>
    <subfield code="c">E_L</subfield>
    <subfield code="d">2025-06-24</subfield>
    <subfield code="l">0</subfield>
    <subfield code="o">Tesis digital</subfield>
    <subfield code="r">2025-06-24 12:49:11</subfield>
    <subfield code="w">2025-06-24</subfield>
    <subfield code="y">TD</subfield>
  </datafield>
</record>
